000 00233nam a2200097Ia 4500
005 20251222114404.0
008 251222s1900||||xx |||||||||||||| ||spa||
082 _aDVD0060/C523/2003
245 0 _aLuzes da cidade:City Lights
942 _cDVD
999 _c1741
_d1741